000
00284nam a22001337a 4500
020
_a
0-7214-0473-1
082
_a
823
_b
HUN/J
100
_a
HUNIA FRAN
245
_a
JACK AND THE BEANSTALK
260
_a
UK
_b
LADY BIRD
300
_a
50
650
_a
ENGLISH SHORT STORY
_z
UK
942
_c
BK
999
_c
2623
_d
2623